| 000 | 00823nam a2200253Ia 4500 | ||
|---|---|---|---|
| 003 | OSt | ||
| 005 | 20221005112931.0 | ||
| 006 | a|||||r|||| 00| 0 | ||
| 007 | ta | ||
| 008 | 221004b |||||||| |||| 00| 0 pan d | ||
| 020 |
_a817599066X (hbk) _c450 |
||
| 024 | _a105495 | ||
| 037 |
_b515, 02/02/2011, H.K. Prakashan _cTextual |
||
| 040 |
_aCRL _cCRL _bpan |
||
| 041 |
_2pan _apan |
||
| 082 | _aO153,1NDE1x, P0 | ||
| 100 | _aਦੇਵ | ||
| 245 | 0 |
_aਹੁਣ ਤੋ੍ਵ ਪਹਿਲਾਂ _b ਸਮੁੱਚੀ ਕਵਿਤਾ |
|
| 260 |
_aਦਿੱਲੀ _bਨਵਯੁਗ ਭਾਰਤ _c2000 |
||
| 300 |
_a687ਪੰ _ccm. |
||
| 650 | _aਪੰਜਾਬੀ ਸਾਹਿਤ | ||
| 942 |
_hO153,1NDE1x, P0 _cTEXL _2cc |
||
| 999 |
_c1026479 _d1026479 |
||